The Nestorians and their Muslim neighbors, a study of western influence on their relations.
محفوظ في:
المؤلف الرئيسي:
التنسيق: كتاب
اللغة: English
منشور في:
Princeton :
Princeton University Press,
1961.
سلاسل:
Princeton Oriental studies ; 20.
الموضوعات:
الوسوم: إضافة وسم
لا توجد وسوم, كن أول من يضع وسما على هذه التسجيلة!
رقم الطلب: DS39 .J6
| LEADER | 00701nam a22002057a 4500 | ||
|---|---|---|---|
| 005 | 20260205123827.0 | ||
| 008 | 260205t1961 njub b 000 0 eng u | ||
| 040 | |c ARCE Library | ||
| 050 | 1 | 4 | |a DS39 |b .J6 |
| 100 | 1 | |a Joseph, John, |d 1923- | |
| 245 | 1 | 4 | |a The Nestorians and their Muslim neighbors, |b a study of western influence on their relations. |
| 260 | |a Princeton : |b Princeton University Press, |c 1961. | ||
| 300 | |a xv, 281 p. : |b maps ; |c 23 cm. | ||
| 490 | 0 | |a Princeton Oriental studies ; 20. | |
| 504 | |a Bibliography: p. 239-269. | ||
| 650 | 0 | |a Nestorians |x History. | |
| 650 | 0 | |a Christianity. | |
| 650 | 0 | |a Islamic civilization |x Western influences. | |
| 942 | |2 lcc |c BK | ||
| 999 | |c 49216 |d 49216 | ||
